La condición humana.

محفوظ في:
التفاصيل البيبلوغرافية
المؤلف الرئيسي: Arendt, Hannah (autora)
التنسيق: غير معروف
منشور في: Barcelona, España: Paidós, 2023.
الطبعة:1ª edición en esta presentación.
سلاسل:Paidós Básica.
الموضوعات:
الوسوم: إضافة وسم
لا توجد وسوم, كن أول من يضع وسما على هذه التسجيلة!

MARC

LEADER 00000 a2200000 4500
003 CL-VaPUC
005 20250108095057.0
008 240315t2023 ||||| |||| 00| 0 eng d
999 |c 443115  |d 443113 
020 |a 9788449341076 
040 |c Pontificia Universidad Católica de Valparaíso 
082 7 |a 128 ARE 2023  |2 22 
100 |a Arendt, Hannah  |9 303594  |e autora 
245 1 3 |a La condición humana. 
250 |a 1ª edición en esta presentación.  
260 |a Barcelona, España:  |b Paidós,  |c 2023. 
300 |a 361 páginas.  
490 |a Paidós Básica.  
583 |k GC  |c 20240315 
650 0 |a Antropología filosófica  |9 265842 
650 0 |a Naturaleza humana   |9 308593 
942 |2 ddc  |c BK 
952 |0 0  |1 0  |2 ddc  |4 0  |6 128_000000000000000_ARE_2023  |7 0  |8 A  |9 593671  |a BIBGIM  |b BIBGIM  |c GEN  |d 2024-03-15  |e 1  |g 36202.00  |i 5660386  |l 4  |m 2  |o 128 ARE 2023  |p 5660386  |r 2025-01-15  |s 2024-10-01  |t 1  |v 36202.00  |w 2024-03-15  |y BK  |k SSL 
952 |0 0  |1 0  |2 ddc  |4 0  |6 128_000000000000000_ARE_2023  |7 0  |8 A  |9 593783  |a BIBGIM  |b BIBGIM  |c GEN  |d 2024-03-21  |e 2  |g 44620.00  |i 5660454  |l 2  |o 128 ARE 2023  |p 5660454  |r 2025-03-19  |s 2025-03-13  |t 2  |v 44620.00  |w 2024-03-21  |y BK  |k SSL